Il linguaggio del corpo

Պահպանված է:
Մատենագիտական մանրամասներ
Հիմնական հեղինակ: Lowen Alexander
Ձևաչափ: Գիրք
Լեզու:Undetermined
Հրապարակվել է: Milano Feltrinelli 2001
Ցուցիչներ: Ավելացրեք ցուցիչ
Չկան պիտակներ, Եղեք առաջինը, ով նշում է այս գրառումը!

MARC

LEADER 00000nam a2200000Ia 4500
001 230
003 NUMERAZIONE-ORIGINALE-BRESCIA
005 20260206230750.0
008 260206s9999 xx 000 0 und d
100 |a Lowen Alexander 
245 0 |a Il linguaggio del corpo 
260 |a Milano 
260 |b Feltrinelli 
260 |c 2001 
500 |a Campi del Sapere 
942 |2 ddc  |c BK  |n 0 
952 |0 0  |1 0  |2 ddc  |4 0  |6 12  |7 0  |9 28430  |a BS  |b BS  |d 2026-02-06  |i 230  |l 0  |o 1-2-*  |r 2026-02-06 22:40:35  |w 2026-02-06  |x [REVISIONARE]  |y BK 
999 |c 24111  |d 24111